Проектирование малого космического аппарата; Космическое приборостроение

Bibliographic Details
Parent link:Космическое приборостроение.— 2015.— [С. 33-39]
Corporate Author: Национальный исследовательский Томский политехнический университет
Other Authors: Дмитриев В. С. Виктор Степанович, Батраков А. В. Александр Владимирович, Бритова Ю. А. Юлия Александровна, Карпенко С. О., Ким В. Л. Валерий Львович, Костюченко Т. Г. Тамара Георгиевна, Мартемьянов В. М. Владимир Михайлович, Янгулов В. С. Владимир Семенович, Коломейцев А. А. Андрей Анатольевич, Смолянский В. А. Владимир Александрович
Summary:Заглавие с титульного экрана
Language:Russian
Published: 2015
Series:Пленарные доклады
Subjects:
Online Access:http://earchive.tpu.ru/handle/11683/64443
http://www.lib.tpu.ru/fulltext/c/2015/C22/004.pdf
Format: MixedMaterials Electronic Book Chapter
KOHA link:https://koha.lib.tpu.ru/cgi-bin/koha/opac-detail.pl?biblionumber=612080

MARC

LEADER 00000naa2a2200000 4500
001 612080
005 20260421093652.0
035 |a (RuTPU)RU\TPU\conf\10159 
035 |a RU\TPU\conf\10158 
090 |a 612080 
100 |a 20150513d2015 k y0rusy50 ca 
101 0 |a rus 
102 |a RU 
135 |a drcn ---uucaa 
181 0 |a i  
182 0 |a b 
200 1 |a Проектирование малого космического аппарата  |f В. С. Дмитриев, А. В. Батраков, Ю. А. Бритова [и др.] 
203 |a Текст  |c электронный 
225 1 |a Пленарные доклады 
300 |a Заглавие с титульного экрана 
337 |a Adobe Reader 
463 1 |0 (RuTPU)RU\TPU\conf\9748  |t Космическое приборостроение  |o сборник научных трудов III Всероссийского форума школьников, студентов, аспирантов и молодых ученых с международным участием, г. Томск, 8-10 апреля 2015 г.  |f Национальный исследовательский Томский политехнический университет (ТПУ)  |v [С. 33-39]  |d 2015 
610 1 |a труды учёных ТПУ 
610 1 |a электронный ресурс 
610 1 |a проектирование 
610 1 |a космические аппараты 
610 1 |a малые космические аппараты 
701 1 |a Дмитриев  |b В. С.  |c специалист в области точного приборостроения  |c доктор технических наук, профессор Томского политехнического университета, зав. кафедрой точного приборостроения (ТПС) ЭФФ  |f 1940-  |g Виктор Степанович  |3 (RuTPU)RU\TPU\pers\25818 
701 1 |a Батраков  |b А. В.  |c специалист в области электроники  |c доцент Томского политехнического университета, кандидат физико-математических наук  |f 1963-  |g Александр Владимирович  |3 (RuTPU)RU\TPU\pers\30282 
701 1 |a Бритова  |b Ю. А.  |c специалист в области приборостроения  |c ассистент кафедры точного приборостроения Томского политехнического университета  |g Юлия Александровна  |3 (RuTPU)RU\TPU\pers\30175 
701 1 |a Карпенко  |b С. О. 
701 1 |a Ким  |b В. Л.  |c специалист в области информатики и вычислительной техники  |c профессор Томского политехнического университета, доктор технических наук  |f 1950-  |g Валерий Львович  |3 (RuTPU)RU\TPU\pers\26478  |9 12180 
701 1 |a Костюченко  |b Т. Г.  |c специалист в области приборостроения  |c доцент Томского политехнического университета, кандидат технических наук  |f 1956-  |g Тамара Георгиевна  |3 (RuTPU)RU\TPU\pers\26589 
701 1 |a Мартемьянов  |b В. М.  |c специалист в области приборостроения  |c доцент Томского политехнического университета, кандидат технических наук  |c выпускник Томского политехнического института 1971 г.  |f 1949-  |g Владимир Михайлович  |3 (RuTPU)RU\TPU\pers\26586 
701 1 |a Янгулов  |b В. С.  |c специалист в области точного приборостроения  |c старший преподаватель Томского политехнического университета, кандидат технических наук  |f 1946-  |g Владимир Семенович  |3 (RuTPU)RU\TPU\pers\25479 
701 1 |a Коломейцев  |b А. А.  |c специалист в области приборостроения  |c лаборант Томского политехнического университета  |f 1993-  |g Андрей Анатольевич  |3 (RuTPU)RU\TPU\pers\32287  |9 16276 
701 1 |a Смолянский  |b В. А.  |c специалист в области приборостроения  |c научный сотрудник Томского политехнического университета, кандидат технических наук  |f 1991-  |g Владимир Александрович  |3 (RuTPU)RU\TPU\pers\34536  |9 17917 
712 0 2 |a Национальный исследовательский Томский политехнический университет  |c (2009- )  |9 26305 
801 2 |a RU  |b 63413507  |c 20210212  |g RCR 
850 |a 63413507 
856 4 |u http://earchive.tpu.ru/handle/11683/64443 
856 4 |u http://www.lib.tpu.ru/fulltext/c/2015/C22/004.pdf 
942 |c BK